LDR 01004naa#a2200205#i#450# 001 RU\FGKOU VO SPBU MVD ROSSII\bibl\114476 005 20260429043049.3 011 ## _a2713-0622 100 ## _a20260428b2026####ek#y0rusy0150####ca 102 ## _aRU 200 1# _aПодходы к изучению просоциального поведения и альтруизма _eЖурнальная статья 210 1# _aСанкт-Петербург _cСАНКТ-ПЕТЕРБУРГСКИЙ УНИВЕРСИТЕТ МИНИСТЕРСТВА ВНУТРЕННИХ ДЕЛ РОССИЙСКОЙ ФЕДЕРАЦИИ _d2026 215 ## _a12 с. 608 ## _aЖурнальная статья _2local 675 ## _aПсихология. 159.9 _z 700 #1 _aРеан _gАртур Александрович 700 #1 _aШевченко _gАндрей Олегович 700 #1 _aСтавцев _gАлексей Андреевич 700 #1 _aКузьмин _gРоман Геннадьевич 856 4# _arussianjournaldeviantbehavior.ru _u